Statistiques concernant Consoles avec un jeu Mario

Cliquez ici pour prendre le quiz!

Statistiques générales

  • Ce quiz a été pris 556 fois
  • Le résultat moyen est 11 sur 18

Statistiques - réponses

AnnéesConsoles% Correct
2017Nintendo Switch
98%
2004Nintendo DS
96%
2006Wii
95%
1989Game Boy
93%
2011Nintendo 3DS
92%
2012Wii U
92%
1985NES
90%
2001GameCube
88%
2001Game Boy Advance
79%
1996Nintendo 64
78%
1998Game Boy Color
75%
1990Super Nintendo
74%
1977Atari 2600
22%
1994Virtual Boy
18%
1991Philips CD-i
16%
1982Coleco Vision
5%
1986Atari 7800
4%
1979Intellivision
2%

Distribution des résultats

Percentile par nombre de réponses

% des personnes avec chaque résultat

Votre développement - résultats

Vous n’avez pas pris ce quiz